UBT Library

Complete technology in action / (Record no. 1251)

000 -LEADER
fixed length control field 00626nam a22002177a 4500
008 - FIXED-LENGTH DATA ELEMENTS--GENERAL INFORMATION
fixed length control field 151012b xxu||||| |||| 00| 0 eng d
020 ## - INTERNATIONAL STANDARD BOOK NUMBER
International Standard Book Number 9780131391574
020 ## - INTERNATIONAL STANDARD BOOK NUMBER
International Standard Book Number 0131391577
041 0# - LANGUAGE CODE
Language code of text/sound track or separate title eng
080 ## - UNIVERSAL DECIMAL CLASSIFICATION NUMBER
Universal Decimal Classification number 004.16
100 1# - Rafti
Rafti Evans, Alan
245 10 - TITLE STATEMENT
Title Complete technology in action /
Statement of responsibility, etc Alan Evans, Kendall Martin, Mary Anne Poatsy.
250 ## -
-- 8th ed.
260 ## -
-- Boston :
-- Prentice Hall,
-- 2012.
300 ## -
-- xxxi, 685 f. :
-- me il.;
-- 28 cm.
-- 1 CD-ROM (4 3/4 in.)
650 #0 -
-- Mikro kompjuterët
650 #0 -
-- Teknologjia
700 1# -
-- Martin, Kendall.
700 1# -
-- Poatsy, Mary Anne.
942 ## - ADDED ENTRY ELEMENTS (KOHA)
Source of classification or shelving scheme
Item type Books
Holdings
Withdrawn status Lost status Source of classification or shelving scheme Damaged status Not for loan Collection code Permanent location Current location Shelving location Date acquired Total Checkouts Full call number Barcode Date last seen Price effective from Koha item type
          Koleksioni i përgjithshem UBT - Lipjan UBT - Lipjan Koleksioni i përgjithshem 10/12/2015   004.16 EVA 002-008617 08/07/2017 10/12/2015 Books
          Koleksioni i përgjithshem UBT - Lipjan UBT - Lipjan Koleksioni i përgjithshem 08/07/2017   004.16 EVA 002-2912614 08/07/2017 08/07/2017 Books
          Koleksioni i përgjithshem UBT - Lipjan UBT - Lipjan Koleksioni i përgjithshem 05/12/2021   004 EVA 002-5000365 05/12/2021 05/12/2021 Books
UBT Library © 2015-2024. All rights reserved University Education for Business and Technology